The flag paintings of Childe Hassam (Record no. 5546)

MARC details
000 - LÍDER
campo de control de longitud fija 00770nam a2200193Ia 4500
008 - ELEMENTOS DE DATOS DE LONGITUD FIJA - INFORMACIÓN GENERAL
campo de control de longitud fija 0000001988 usa 0000000000eng00
090 ## - NÚMERO DE LLAMADA DE TIPO LC LOCALMENTE ASIGNADO (OCLC)
Número de clasificación (OCLC) (R) PUS00 F67f
100 1# - ENTRADA PRINCIPAL - NOMBRE PERSONAL
Nombre de la persona Fort, Ilene Susan
245 10 - TÍTULO DECLARACIÓN
Título The flag paintings of Childe Hassam
Declaración de responsabilidad / Irene Susan Fort
260 ## - PUBLICACIÓN, DISTRIBUCIÓN
Lugar de publicación Los Angeles : Los Angeles County Museum of Art
Fecha de publicación 1988
300 ## - DESCRIPCIÓN FÍSICA
Alcance 128 p.
Dimensiones / 24 cm.
500 ## - NOTA GENERAL
Nota general Exposición realizada en National Gallery of Art, Washington, Mayo 8 Julio 17, 1988 \ Con el patronazgo del maestro venezolano Jesús Rafael Soto (q.e.p.d.)
600 00 - ENTRADA DE SUJETO AÑADIDO - NOMBRE PERSONAL
Nombre de la persona HASSAM, CHILDE, 18591935/
Subdivisión general TRABAJOS PICTORICOS
650 14 - ENTRADA DE SUJETO AÑADIDO - TÉRMINO TÓPICO
Término tópico o elemento de entrada del nombre geográfico BANDERAS EN EL ARTE
650 14 - ENTRADA DE SUJETO AÑADIDO - TÉRMINO TÓPICO
Subdivisión general CATALOGOS
650 14 - ENTRADA DE SUJETO AÑADIDO - TÉRMINO TÓPICO
Subdivisión general EXPOSICIONES
650 14 - ENTRADA DE SUJETO AÑADIDO - TÉRMINO TÓPICO
Término tópico o elemento de entrada del nombre geográfico PINTORES ESTADOUNIDENSES
650 14 - ENTRADA DE SUJETO AÑADIDO - TÉRMINO TÓPICO
Término tópico o elemento de entrada del nombre geográfico PINTURA ESTADOUNIDENSE
Holdings
Estado de retirada Pérdida de estatus Estado dañado No para préstamo Código de recogida Ubicación permanente Ubicación actual Ubicación de las estanterías Fecha de adquisición Número de llamada completo Código de barras Fecha de la última vez que se vio Número de copia Precio efectivo desde Tipo de artículo Koha
        General ArtNexus ArtNexus General 06/09/2022 P-US-00 F67F 5550 06/09/2022 Ej.1 06/09/2022 Libro

Powered by Koha